|
|
|
|
| LEADER |
02356nam a2200565 aa4500 |
| 001 |
nkc20081828074 |
| 003 |
CZ PrNK |
| 005 |
20240228114815.0 |
| 007 |
ta |
| 008 |
081030m20052012xr ag c p 000 0 cze |
| 015 |
|
|
|a cnb001828074
|
| 020 |
|
|
|a 978-80-7397-018-5
|q (učebnice ;
|q brož.)
|
| 020 |
|
|
|a 978-80-7397-139-7
|q (metodická příručka ;
|q brož.)
|
| 035 |
|
|
|a (OCoLC)294938916
|
| 040 |
|
|
|a BOA001
|b cze
|d ABA001
|d OLA001
|
| 041 |
1 |
|
|a cze
|a ger
|h ita
|
| 072 |
|
7 |
|a 811.112.2
|x Němčina
|2 Konspekt
|9 11
|
| 072 |
|
7 |
|a 37.016
|x Učební osnovy. Vyučovací předměty. Učebnice
|2 Konspekt
|9 22
|
| 080 |
|
|
|a 811.112.2
|2 MRF
|
| 080 |
|
|
|a 81'24
|2 MRF
|
| 080 |
|
|
|a (075.2)
|2 MRF
|
| 080 |
|
|
|a (072)
|2 MRF
|
| 100 |
1 |
|
|a Motta, Giorgio
|7 mzk2005279265
|4 aut
|
| 245 |
1 |
0 |
|a Wir 1 :
|b němčina pro 2. stupeň základních škol a nižší ročníky osmiletých gymnázií /
|c Giorgio Motta
|
| 246 |
3 |
|
|a Němčina pro 2. stupeň ZŠ
|
| 246 |
3 |
0 |
|a Němčina pro 2. stupeň základních škol a nižší ročníky osmiletých gymnázií
|
| 250 |
|
|
|a 2. vyd.
|
| 260 |
|
|
|a Praha :
|b Klett,
|c 2005-2012
|
| 300 |
|
|
|a 2 sv. :
|b barev. il., noty ;
|c 26 cm
|
| 500 |
|
|
|a Vročení učebnice v tiráži: 2008
|
| 500 |
|
|
|a Část. přeloženo z italštiny?
|
| 500 |
|
|
|a Na obálce označení: A1
|
| 500 |
|
|
|a Metodická příručka: přepracovala Eva-Maria Jenkins a Julia Thurnher
|
| 505 |
0 |
|
|a učebnice. 2005. 135 s. -- metodická příručka. 2012. 87 s.
|
| 650 |
0 |
7 |
|a němčina
|7 ph115512
|2 czenas
|
| 650 |
0 |
7 |
|a jazyková výuka
|7 ph162894
|2 czenas
|
| 650 |
0 |
9 |
|a German language
|2 eczenas
|
| 650 |
0 |
9 |
|a language teaching and learning
|2 eczenas
|
| 655 |
|
7 |
|a učebnice základních škol
|7 fd133773
|2 czenas
|
| 655 |
|
7 |
|a metodické příručky
|7 fd132826
|2 czenas
|
| 655 |
|
9 |
|a textbooks (elementary)
|2 eczenas
|
| 655 |
|
9 |
|a methodological manuals
|2 eczenas
|
| 700 |
1 |
|
|a Jenkins, Eva-Maria
|7 mzk2006323053
|4 com
|
| 700 |
1 |
|
|a Thurnher, Juliane
|7 mzk2006323054
|4 com
|
| 856 |
4 |
1 |
|u http://www.digitalniknihovna.cz/mzk/uuid/uuid:c2295690-fdf4-11ed-b4ae-0050568d319f
|y Digitalizovaný dokument
|z 1, učebnice
|x NDK
|
| 910 |
2 |
|
|a BOA001
|b 3-1213.190
|s učebnice-
|t v
|
| 990 |
|
|
|a BK
|
| 995 |
|
|
|a 01
|
| 991 |
|
|
|b 200811
|c NOV
|
| 996 |
6 |
|
|b 2610359082
|c 3-1213.190
|d 1, učebnice
|v 1
|l MZK
|r Sklad / do 1 hodiny
|n 3
|p p.v.
|w 000919221
|u 000010
|a 1
|e BOA001
|j MZK50
|s P
|